| 000 | 00803nam a2200217 i 4500 | ||
|---|---|---|---|
| 001 | 172737 | ||
| 003 | ES-MaACL | ||
| 005 | 20230906215025.0 | ||
| 008 | 090907s2008 sp |||| | spa d | ||
| 080 | _a321.134.2-32"19" | ||
| 100 | 1 |
_aEsquivias, Óscar. _9225274 |
|
| 245 | 1 | 0 |
_aArs poética _b; seguido de Maternidad y La reina del puré : relatos pertenecientes a "La marca de Creta" / _cÓscar Esquivias. |
| 260 |
_aMolina de Segura (Murcia) : _bAyuntamiento de Molina de Segura, Concejalía de Cultura y Festejos, _c[2008] |
||
| 300 |
_a[12] p. ; _c22 cm. |
||
| 586 | 8 | _aV Premio Setenil, 2008 | |
| 710 | 1 |
_aMolina de Segura. _bConcejalía de Cultura y Festejos. _9149745 |
|
| 740 | 0 | 2 | _aMaternidad. |
| 740 | 3 | 2 | _aLa reina del puré. |
| 852 |
_aES-MaACL _j2298-F-18 |
||
| 999 |
_c172737 _d172737 |
||